00708nac a22002051u 4500010001600000020001700016020002400033082001500057090001500072100003400087245005900121260007300180300003500253500002000288650001500308650004500323942001700368999001500385952010200400 a 90034921 a0631177590 : a0631177612 (pbk.) :00a330bB1671 c4667d4667 aBaker, T. E., 10aEconomics for professional examinations /cT.E. Baker. aOxford, OX, UK ;aCambridge, Mass., USA :bB. Blackwell,1991.c1991. aviii, 200 p. :bill. ;c26 cm. aIncludes index. 0aEconomics. 0aEconomicsxExaminations, questions, etc. cBBk330B1671 c4667d4667 00104070aMAINbMAINc1STd2013-09-07ePurchasel0o330 BAKp000005662r2025-07-15 00:00:00yBB